Loading...
| Science - Physics | 0 | 11 | 1 | 1 | 105 | 52 | 95.18 | 1 | 2 | 18.79 | 36.36 |
| Literature - European | 0 | 7 | 0 | 0 | 70 | 100 | 128.71 | 0 | 0 | 0.00 | 0.00 |
| Religion | 0 | 7 | 1 | 3 | 65 | 99 | 122.29 | 0 | 0 | 0.00 | 0.00 |
| Science - Biology | 0 | 8 | 5 | 1 | 55 | 53 | 87.88 | 0 | 4 | 49.22 | 69.70 |
| Literature - British | 0 | 5 | 0 | 0 | 50 | 114 | 121.60 | 0 | 0 | 1.50 | 7.58 |
| Science - Other | 0 | 5 | 0 | 0 | 50 | 64 | 100.00 | 0 | 0 | 2.80 | 6.25 |
| Mythology | 0 | 5 | 1 | 0 | 45 | 56 | 90.80 | 1 | 3 | 12.94 | 33.33 |
| Social Science | 0 | 5 | 1 | 1 | 45 | 83 | 106.00 | 0 | 0 | 3.42 | 5.21 |
| Science - Chemistry | 0 | 8 | 8 | 0 | 40 | 76 | 95.88 | 0 | 4 | 33.91 | 60.61 |
| Literature - World | 0 | 4 | 1 | 0 | 35 | 32 | 75.00 | 2 | 3 | 9.17 | 18.18 |
| Philosophy | 0 | 4 | 1 | 1 | 35 | 95 | 117.00 | 1 | 1 | 0.00 | 0.00 |
| History - Other | 0 | 2 | 0 | 0 | 20 | 69 | 72.00 | 0 | 2 | 0.00 | 0.00 |
| History - World | 0 | 3 | 2 | 1 | 20 | 111 | 130.00 | 0 | 0 | 4.95 | 9.09 |
| Literature - American | 0 | 2 | 1 | 1 | 15 | 144 | 152.00 | 0 | 0 | 0.27 | 4.55 |
| Other Academic | 0 | 2 | 1 | 0 | 15 | 104 | 114.00 | 0 | 0 | 16.71 | 20.00 |
| Fine Arts - Painting & Sculpture | 0 | 1 | 0 | 0 | 10 | 95 | 95.00 | 0 | 1 | 0.00 | 0.00 |
| History - American | 0 | 1 | 0 | 0 | 10 | 111 | 111.00 | 0 | 0 | 0.00 | 0.00 |
| Current Events | 0 | 1 | 0 | 0 | 10 | 116 | 116.00 | 0 | 0 | 0.00 | 0.00 |
| History - European | 0 | 1 | 1 | 1 | 5 | 133 | 133.00 | 0 | 0 | 0.00 | 0.00 |
| Geography | 0 | 1 | 1 | 0 | 5 | 93 | 93.00 | 0 | 0 | 0.06 | 6.06 |